00628nam a2200133Ia 4500008004100000100002200041245010900063245017300172260005300345260000900398300001100407650001500418856006100433170221s9999 xx 000 0 und d aLinar G. Akhmetov aSelective Support for the Development of Regional Vocational Education Services: the Russian Experience  cLinar G. Akhmetov, Natalia A. Khramova, Anna V. Sychenkova, Alexey D. Chudnovskiy, Natalya B. Pugacheva, Andrey A. Pavlushin, Marina V. Varlamova, Victoriya A. Khilsher bInternational Review of Management and Marketing c2016 a6 : 2S xMarketing. uhttp://www.econjournals.com/index.php/irmm/issue/view/71